La Sida / il·lustracions: Mariel Soria Mariel Soria
Publicado:
Barcelona :
Diputació de Barcelona. Àrea de Salut Pública i Consum. Servei de Salut Pública i Consum ,
2005
Descripción Física:
21 p. ; 17 cm
Otros Autores:
Mariel
MARC
| LEADER | 00000nam a2200000Ia 4500 | ||
|---|---|---|---|
| 001 | 22292 | ||
| 008 | 160829s2005 xx 000 0 cat d | ||
| 080 | |a FU-54-16 | ||
| 245 | |a La Sida / il·lustracions: |b Mariel Soria | ||
| 260 | |a Barcelona : |b Diputació de Barcelona. Àrea de Salut Pública i Consum. Servei de Salut Pública i Consum, |c 2005 | ||
| 300 | |a 21 p. ; |c 17 cm | ||
| 650 | 0 | |a Educació sexual per a joves |9 50018 | |
| 650 | |a Malalties de transmissió sexual |9 44684 | ||
| 650 | |a Sida |9 44372 | ||
| 700 | 0 | |a Mariel |e il·lustrador |9 44369 | |
| 710 | |a Barcelona (Catalunya : Província). |b Servei de Salut Pública i Consum |9 8151 | ||
| 901 | |a Arxiu | ||
| 942 | |n 1 |2 udc | ||
| 952 | |0 0 |1 0 |4 0 |6 FU5416 |7 1 |9 52109 |a Arxiu |b Arxiu |d 2016-12-01 |l 0 |o FU-54-16 |p 22292 |r 2016-12-01 00:00:00 |w 2016-12-01 |y ARXIU | ||
| 999 | |c 55957 |d 55957 | ||